[Event "Biella Province-ch"]
[Site "Valle Mosso"]
[Date "2010.04.02"]
[Round "3"]
[White "Isoardi, Luigi"]
[Black "Curinga, Mauro"]
[Result "0-1"]
[WhiteElo "1425"]
[BlackElo "1560"]
[PlyCount "116"]
[EventDate "2010.03.12"]
[EventType "k.o."]
[EventRounds "6"]
[EventCountry "ITA"]
[SourceTitle "EXT 2024"]
[Source "ChessBase"]
[SourceDate "2023.10.10"]
[SourceVersion "1"]
[SourceVersionDate "2023.10.10"]
[SourceQuality "1"]

1. d4 d5 2. Bf4 Nf6 3. h3 g6 4. Nf3 Bg7 5. e3 Bf5 6. Bd3 Bxd3 7. Qxd3 Nh5 8. Bh2 0-0 9. Nbd2 b6 10. 0-0 c5 11. b3 Nc6 12. c3 cxd4 13. Nxd4 Qc8 14. Rfc1 e6 15. Rab1 a6 16. N2f3 b5 17. Nxc6 Qxc6 18. c4 Rac8 19. c5 Nf6 20. Bd6 Rfe8 21. Ne5 Qa8 22. f3 Red8 23. Rc2 Ne8 24. Be7 Bxe5 25. Bxd8 Rxd8 26. Rbc1 b4 27. e4 Bc3 28. a3 a5 29. Qe2 Qc6 30. axb4 axb4 31. Rxc3 bxc3 32. Rxc3 Nc7 33. b4 dxe4 34. fxe4 Rd4 35. Rc4 Qb5 36. Rc2 Qxe2 37. Rxe2 Rxb4 38. Rc2 Rxe4 39. Kf2 Kf8 40. c6 Rd4 41. Ke3 Rd8 42. Ke4 Rc8 43. Ke5 Ke7 44. Rb2 Nd5 45. Rb7+ Rc7 46. Kd4 Kd6 47. Rb8 Rxc6 48. Rh8 h5 49. Rh7 e5+ 50. Kd3 f5 51. Rh6 Kc5 52. Rh8 Nf4+ 53. Kd2 Nxg2 54. Re8 Rd6+ 55. Kc3 e4 56. Re5+ Kc6 57. Kb4 Nf4 58. Rc5+ Kd7 0-1